000 01149cam a22002891i 4500
003 SA-RiAUC
005 20240912143338.0
008 240912s2013 su a g 000 0 ara c
020 _a9786030135394
040 _aSA-DmIAFU
_bara
_cSA-RiAUC
_erda
050 1 4 _b.S53 2013
082 0 4 _a253.4
_qSA-RiAUC
090 _a253.4
_b ش ي خ
100 1 _aشيخ، سمير عابد،
_d1949-
_eمؤلف.
245 1 0 _aصناعة الربا :
_bدراسة نقدية للنظام الاقتصادي الربوي /
_cسمير عابد شيخ.
264 1 _a[مكان النشر غير محدد] :
_b[الناشر غير محدد]،
_c2013
264 3 _aجدة، السعودية :
_bمطبعة المحمودية
300 _a416 صفحة :
_bإيضاحيات ؛
_c24 سم
336 _aنص
_btxt
_2rdacontent
_3كتاب
337 _aبدون وسيط
_bn
_2rdamedia
338 _aمجلد
_bnc
_2rdacarrier
650 7 _aالربا (فقه إسلامي)
_2aucsh
650 7 _aالبنوك الإسلامية
_2aucsh
650 7 _aالاقتصاد الإسلامي
_2aucsh
942 _2ddc
_cBOOK
949 _aSA-JeALM
_d240912
_umohamedma123
_n1
999 _c234
_d234